01138 2200217 4500001002100000005001500021035002000036245007300056100001900129250003100148300003100179260003400210082001100244084001700255020002200272650001700294520052500311500002700836008004100863990001600904INLIS00000000000007920240501095922 a0010-05240000011 aAbu Musa Al Asy'ari :bBerjuang dengan Pedang Hati /cAstry Setiawan0 aAstry Setiawan acetakan ke-1, edisi revisi av, 50 hlm :bilus ;c25 cm aBandung :bTitian Ilmu,c2007 a297.63 a297.63 AST a a978-979-901-290-6 4aSahabat Nabi aAbu Musa Al Asy'ari sebelum masuk Islam, ia bernama Abdullah bin Qais. Ia temasuk prajurit Islam yang gagah berani, cerdas, ahli hukum, dan penuh keikhlasan. Suaranya yang merdu bagaikan seruling melantunkan ayat demi ayat suci AL Qur'an yang dibacanya mampu menggetarkan hati siapa saja yang sempat mendengarnya. Ketaqwaan sera keimanannya menjadi satu dalam jiwa yang saleh dan zuhud. Pengetahuannya di dalam bidang agama cukup dalam. Pengorbanan serta perjuangannya dalam sejarah Islam patut dikenang dan dihargai. aSeri Para Sahabat Nabi240501 0  a00000000235